[Event "Saint Louis Rapid & Blitz"]
[Site "Saint Louis, MO USA"]
[Date "2022.08.27"]
[EventDate "2022.08.26"]
[Round "5.2"]
[Result "0-1"]
[White "Alireza Firouzja"]
[Black "Fabiano Caruana"]
[WhiteElo "2778"]
[BlackElo "2776"]
[PlyCount "52"]

1. e4 e5 2. Nf3 Nc6 3. Bb5 Nf6 4. d3 Bc5 5. c3 O-O 6. O-O d6 7. Bg5 h6 8. Bh4 g5
9. Bg3 Nh5 10. Nbd2 Qf6 11. d4 Nxg3 12. hxg3 exd4 13. Bxc6 dxc3 14. Bxb7 Bxb7
15. bxc3 Qxc3 16. Rb1 Bb6 17. a4 Rab8 18. Rb5 Ba6 19. Rf5 Bxf1 20. Nxf1 Rfe8 21.
Nxg5 hxg5 22. Qh5 Bxf2+ 23. Kh2 Qg7 24. Rxf2 Rxe4 25. Rf5 Re5 26. Ne3 Qh8 0-1